இலங்கை சுககாதார கல்வி மற்றும் சுகாதார மேம்பாட்டில் தேசிய இலக்குகளை அடைவதற்கான வழிகாட்டல்களும் செயற்திறன் குறிகாட்டிகளும்.

Ilangai sugarara kalvi mattrum sugatara mempattil dhesiya...
Saved in:
Bibliographic Details
Format: Book
Language:Sinhalese
Published: கொழும்பு : சுகாதார மேம்பாட்டு பணியகம், சுகாதார அமைச்சு, 2025.
Tags: Add Tag
No Tags, Be the first to tag this record!

MARC

LEADER 00000nam a22000007a 4500
003 LK-CoNLD
005 20260317120524.0
008 260311b ||||| |||| 00| 0 sin d
017 |a 502930 
020 |a 9786246511210 
040 |a LK-CoNLD  |b TAM  |c LK-CoNLD  |d LK-CoNLD 
245 |6 880-1  |a இலங்கை சுககாதார கல்வி மற்றும் சுகாதார மேம்பாட்டில் தேசிய இலக்குகளை அடைவதற்கான வழிகாட்டல்களும் செயற்திறன் குறிகாட்டிகளும். 
260 |a கொழும்பு :  |b சுகாதார மேம்பாட்டு பணியகம், சுகாதார அமைச்சு,  |c 2025. 
300 |a ப. vi, 66 ; 
500 |a [Rs. 73*18.20 = 1328.00] 
880 |6 245-1  |a Ilangai sugarara kalvi mattrum sugatara mempattil dhesiya... 
942 |c BOOK 
945 |a 22  |b Logeshwary RAMASAMY  |c 22  |d Logeshwary RAMASAMY 
999 |c 297936  |d 297936